| 000 | 00605nam a2200205Ia 4500 | ||
|---|---|---|---|
| 003 | PILC | ||
| 005 | 20160301094027.0 | ||
| 008 | 140321s9999 xx 000 0 und d | ||
| 020 | _a9789814296557 | ||
| 050 |
_aG 550 _b.D449 2003 |
||
| 100 | _aDervaes, Claudine. | ||
| 245 |
_aSelling Cruises : _beverything you need to know / _cClaudine Dervaes. |
||
| 260 |
_aPhilippines : _bCengage Learning, _c2010. |
||
| 300 |
_a181 pages ; _c23 cm. |
||
| 500 | _aIncludes bibliographical references and index. | ||
| 650 | _aCruise ships. | ||
| 650 | _aOcean travel. | ||
| 942 |
_kLOC _cBK _2lcc |
||
| 999 |
_c48364 _d48364 |
||